Datum a čas kvízu
38.5
Celkem bodů
Celkový počet nahraných bodů na tomto kvízu bez doplňovacích otázek.
3.
Pořadí na kvízu
Konečné umístění týmu na tomto kvízu.
Zaznamenané odpovědi
| # | Otázka | Odpověď | Body | Výsledky |
|---|---|---|---|---|
| 1. | Průměrná mzda v České republic... | 1D 2B 3C 4A | 0 | |
| 2. | Kvůli textu o 30. výročí násil... | CNN | 1 | |
| 3. | Minulý týden se vrátil do kin... | Hana Brejchová | 1 | |
| 4. | V pondělí skončil po osmnácti... | iTunes | 1 | |
| 5. | Minulý týden jsme se dozvěděli... | HC Verva Litvínov, HC Sparta Praha | 1 | |
| 6. | Na každé písmeno abecedy exist... | geologie | 1 | |
| 5. | Nyní se zeptáme na název oboru... | genologie | 0 | |
| 8. | Uveďte název nauky o určování... | geochronologie | 0 | |
| 5. | Tentokrát nás bude zajímat náz... | genealogie | 1 | |
| 5. | Jak se nazývá nauka o vztahu k... | gastronomie | 1 |